• 首页
  • 本馆介绍
  • 公告通知
  • 最新文献
  • 馆藏检索
  • 电子资源
  • 读者导购
  • 参考咨询
  • 我的图书馆
  • 登录
  • 详细信息显示
  • 放入我的书架
  • 预约/预借图书
  • 作者相关作品
  • 分类相关作品
  • 丛书相关作品
  • 出版社相关作品

书目信息

  • 表格格式
  • 工作单格式
  • 卡片格式
题名:
“生活世界”复杂性及其认知动力模式
    
 
作者: 李恒威 著
分册:  
出版信息: 北京   中国社会科学出版社  2007
页数: 255页
开本: 21cm
丛书名: 语言与认知文库
单 册:
中图分类: B842.1
科图分类:
主题词: 认知科学--研究 , 认知科学
电子资源:
ISBN: 978-7-5004-6093-0
000 01056oam2 2200277 45
001 1029931187
005 20100428142632.28
010    @a978-7-5004-6093-0@dCNY22.00
100    @a20100420d2007 em y0chiy50 ea
101 0  @achi
102    @aCN@b110000
105    @ay z 000yy
106    @ar
200 1  @a“生活世界”复杂性及其认知动力模式@A“ Sheng Huo Shi Jie” Fu Za Xing Ji Qi Ren Zhi Dong Li Mo Shi@f李恒威著@FLi Heng Wei Zhu
210    @a北京@c中国社会科学出版社@d2007
215    @a255页@d21cm
225 2  @a语言与认知文库
300    @a国家哲学社会科学创新基地浙江大学语言与认知研究中心研究成果 浙江省哲学社会科学规划课题成果
330    @a本书以现象学的“生活世界”概念为基础,结合现象学、解释学、发生认识论、心智哲学等学科领域的研究成果,说明生活世界,特别是有意识的人所形成的社会生活何以是复杂的。
461  0 @12001 @a语言与认知文库
606 0  @a认知科学@x研究
606 0  @a认知科学
690    @aB842.1@v4
701  0 @a李恒威@ALi Heng Wei@f(1971.11~)@4著
801  0 @aCN@bTANGWEI@c20100428
905    @b0594457-61@dB842.1@e1004@f5
    
    “生活世界”复杂性及其认知动力模式/李恒威著.-北京:中国社会科学出版社,2007
    255页;21cm.-(语言与认知文库)
    国家哲学社会科学创新基地浙江大学语言与认知研究中心研究成果 浙江省哲学社会科学规划课题成果
    
    ISBN 978-7-5004-6093-0:CNY22.00
    本书以现象学的“生活世界”概念为基础,结合现象学、解释学、发生认识论、心智哲学等学科领域的研究成果,说明生活世界,特别是有意识的人所形成的社会生活何以是复杂的。
●
相关链接 在E读中查询图书 在五车中查询图书 在当当中查询图书 在豆瓣中查询图书


正题名:"生活世界"复杂性及其认知动力模式     索取号:B842.1/1004         预约/预借

序号 登录号 条形码 馆藏地/架位号 状态 备注
1 0594457   205944576   第一样本阅览室/ [索取号:B842.1/1004] 在馆    
2 0594458   205944585   第一借阅区/ [索取号:B842.1/1004] 在馆    
3 0594459   205944594   第一借阅区/ [索取号:B842.1/1004] 在馆    
4 0594460   205944601   第一借阅区/ [索取号:B842.1/1004] 在馆    
5 0594461   205944610   第一借阅区/ [索取号:B842.1/1004] 在馆    
唐山师范学院图书馆 欢迎您!
大连网信软件有限公司© 版权所有